01100 a2200217 450000100040000000500170000400800410002100300150006204000400007708000400011724500480015702000220020525000110022726400340023830000180027250504830029004100080077310000270078170000360080870000380084417520260407155414.0260407a1995 arg spa dAR-UNSa-BCEJYS aAR-UNSa-BCEJYSbspacAR-UNSa-BCEJYS a349.22:331.106xContrato de trabajo10aManual práctico de contratación laboral a978-950-739-407-2 a2a. ed 1aBuenos Aires :bErreparc1995 a477 p.c27 cm a1. La evolución del derecho del trabajo y la contratación laboral - 2. Contratación - 3. Empresario y empleador - 4. Contratistas y subcontratista - 5. El contrato de trabajo - 6. Relaciones excluidas del derecho del trabajo, casos dudosos y relaciones especiales - 7. Alcance de las obligaciones contractuales - 8. Modalidades del contrato - 9. Programas y ayudas especiales implementadas por el M.T. y S.S. para fomento de empleo - 10. Registraciones - 11.Legislación aspa1 aCaubet, Amanda Beatriz1 aFernández Madrid, Juan Carlos1 aRoson de Planells, María Elvira